| 000 | 00787cam a2200229 i 4500 | ||
|---|---|---|---|
| 005 | 20251108164124.0 | ||
| 008 | 250721s1996 le gr 000 0 ara d | ||
| 041 | 1 |
_aara _heng |
|
| 082 | 1 | 4 |
_a005.13 _bل ق ي |
| 100 | 1 |
_aلفي، مايكل ماك _eمؤلف. |
|
| 240 | 1 | 0 | _ausing visual basic 4. |
| 245 | 1 | 0 |
_aمبادىء visul basic 4 / _cتأليف مايكل ماك لفي ؛ ترجمة عمر الأيوبي. |
| 264 | 1 |
_aبيروت : _bاكاديميا انترناشيول، _c1996. |
|
| 300 | _a579 صفحة. | ||
| 650 | 1 | 7 | _aلغات البرمجة. |
| 650 | 1 | 7 | _aالبرمجيات. |
| 650 | 1 | 7 | _aالحواسيب. |
| 650 | 1 | 7 | _aالبيسيك المرئي. |
| 700 | 1 |
_aالأيوبي، عمر _eمترجم. |
|
| 942 |
_2ddc _cBK |
||
| 999 |
_c4164 _d4164 |
||